000 00221nam a22000857a 4500
008 160624b xxu||||| |||| 00| 0 eng d
100 _91072
_aLewis, B
245 _aThe Crabby Cat Caper
260 _aMinnesota
_bBethaN.Y House
_c1997
999 _c858
_d858